|
|
|
|
| LEADER |
03385nam a22006015i 4500 |
| 001 |
978-0-387-68913-5 |
| 003 |
DE-He213 |
| 005 |
20151204185143.0 |
| 007 |
cr nn 008mamaa |
| 008 |
100301s2007 xxu| s |||| 0|eng d |
| 020 |
|
|
|a 9780387689135
|9 978-0-387-68913-5
|
| 024 |
7 |
|
|a 10.1007/978-0-387-68913-5
|2 doi
|
| 040 |
|
|
|d GrThAP
|
| 050 |
|
4 |
|a TP248.13-248.65
|
| 072 |
|
7 |
|a TCB
|2 bicssc
|
| 072 |
|
7 |
|a SCI010000
|2 bisacsh
|
| 082 |
0 |
4 |
|a 660.6
|2 23
|
| 245 |
1 |
0 |
|a CMOS Biotechnology
|h [electronic resource] /
|c edited by Hakho Lee, Robert M. Westervelt, Donhee Ham.
|
| 264 |
|
1 |
|a Boston, MA :
|b Springer US,
|c 2007.
|
| 300 |
|
|
|a XV, 385 p.
|b online resource.
|
| 336 |
|
|
|a text
|b txt
|2 rdacontent
|
| 337 |
|
|
|a computer
|b c
|2 rdamedia
|
| 338 |
|
|
|a online resource
|b cr
|2 rdacarrier
|
| 347 |
|
|
|a text file
|b PDF
|2 rda
|
| 490 |
1 |
|
|a Series on Integrated Circuits and Systems,
|x 1558-9412
|
| 505 |
0 |
|
|a Microfluidics for Electrical Engineers -- to Fluid Dynamics for Microfluidic Flows -- Micro- and Nanofluidics for Biological Separations -- CMOS/Microfluidic Hybrid Systems -- CMOS Actuators -- CMOS-based Magnetic Cell Manipulation System -- Applications of Dielectrophoresis-based Lab-on-a-chip Devices in Pharmaceutical Sciences and Biomedicine -- CMOS Electronic Microarrays in Diagnostics and Nanotechnology -- CMOS Electrical Sensors -- Integrated Microelectrode Arrays -- CMOS ICs for Brain Implantable Neural Recording Microsystems -- CMOS Optical Sensors -- Optofluidic Microscope – Fitting a Microscope onto a Sensor Chip -- CMOS Sensors for Optical Molecular Imaging.
|
| 520 |
|
|
|a CMOS Biotechnology reviews the recent research and developments joining CMOS technology with biology. Written by leading researchers these chapters delve into four areas including: Microfluidics for electrical engineers CMOS Actuators CMOS Electrical Sensors CMOS Optical Sensors Bioanalytical instruments have been miniaturized on ICs to study various biophenomena or to actuate biosystems. These bio-lab-on-IC systems utilize the IC to facilitate faster, repeatable, and standardized biological experiments at low cost with a small volume of biological sample. CMOS Biotechnology will interest electrical engineers, bioengineers, biophysicists as well as researchers in MEMS, bioMEMS, microelectronics, microfluidics, and circuits and systems.
|
| 650 |
|
0 |
|a Chemistry.
|
| 650 |
|
0 |
|a Biotechnology.
|
| 650 |
|
0 |
|a Computer hardware.
|
| 650 |
|
0 |
|a Biophysics.
|
| 650 |
|
0 |
|a Biological physics.
|
| 650 |
|
0 |
|a Electronics.
|
| 650 |
|
0 |
|a Microelectronics.
|
| 650 |
|
0 |
|a Electronic circuits.
|
| 650 |
|
0 |
|a Biomedical engineering.
|
| 650 |
1 |
4 |
|a Chemistry.
|
| 650 |
2 |
4 |
|a Biotechnology.
|
| 650 |
2 |
4 |
|a Electronics and Microelectronics, Instrumentation.
|
| 650 |
2 |
4 |
|a Circuits and Systems.
|
| 650 |
2 |
4 |
|a Biomedical Engineering.
|
| 650 |
2 |
4 |
|a Computer Hardware.
|
| 650 |
2 |
4 |
|a Biophysics and Biological Physics.
|
| 700 |
1 |
|
|a Lee, Hakho.
|e editor.
|
| 700 |
1 |
|
|a Westervelt, Robert M.
|e editor.
|
| 700 |
1 |
|
|a Ham, Donhee.
|e editor.
|
| 710 |
2 |
|
|a SpringerLink (Online service)
|
| 773 |
0 |
|
|t Springer eBooks
|
| 776 |
0 |
8 |
|i Printed edition:
|z 9780387368368
|
| 830 |
|
0 |
|a Series on Integrated Circuits and Systems,
|x 1558-9412
|
| 856 |
4 |
0 |
|u http://dx.doi.org/10.1007/978-0-387-68913-5
|z Full Text via HEAL-Link
|
| 912 |
|
|
|a ZDB-2-ENG
|
| 950 |
|
|
|a Engineering (Springer-11647)
|